Statistics for Nicaragua First Level Subdivisions

Click here to take the quiz!

General Stats

  • This quiz has been taken 78 times
  • The average score is 8 of 17

Answer Stats

Departamentos% Correct
Managua
92%
León
56%
Masaya
52%
Madriz
48%
Río San Juan
48%
Rivas
48%
Chinandega
44%
Granada
44%
Nueva Segovia
44%
Boaco
40%
Chontales
40%
Estelí
40%
Jinotega
40%
Matagalpa
40%
Carazo
36%
North Carribean Coast
28%
South Carribean Coast
28%

Score Distribution

Percentile by Number Answered

Percent of People with Each Score

Your Score History

You have not taken this quiz